000 00653nam a2200241Ia 4500
003 OSt
005 20220918222254.0
006 a|||||r|||| 00| 0
007 ta
008 220917b |||||||| |||| 00| 0 eng d
024 _a216,308
037 _cTextual
040 _aARTS
_cARTS
_beng
041 _2eng
_aeng
082 _aY15:4v161, N8
100 _aWyke Maria Ed.
_9142702
245 0 _aGender and the body in the ancient Mediterranean
260 _aUK
_bBlackwell publishers
_c1998
300 _avii, 219p
_ccm.
650 _aSOCIOLOGY
942 _hY15:4v161, N8
_cTEXL
_2CC
999 _c275051
_d275051